00638cam a22002177a 4500003000500000005001700005008004100022010001000063011001000073020001500083035001100098040000900109082001900118100002100137245006000158260003900218300002000257500010100277650002100378700002100399CHAP20220329143420.0090526s2006 mx a r 00010 spa d a96241 a97213 a9706865659 a107876 cCHAP04a621.4021bP85y00aPotter, Merle C.10aTermodinámicac/por Merle C. Potter y Elaine P. Scott aMéxico, D. F. :bThomson,cc2006 a360 p. :bilus. aTrad de : Thermal sciences an introduction to thermodynamics, fluid mechanics, and heat transfer14aTermodinámica.1 aScott, Elaine P.